The origins of the Irish / (Record no. 189040)

MARC details
000 -LEADER
campo de control de longitud fija 00845nam a2200253 i 4500
001 - NÚMERO DE CONTROL
campo de control 189040
003 - IDENTIFICADOR DE NÚMERO DE CONTROL
campo de control ES-MaACL
005 - FECHA Y HORA DE LA ÚLTIMA TRANSACCIÓN
campo de control 20240103131056.0
008 - DATOS DE LONGITUD FIJA--INFORMACIÓN GENERAL
campo de control de longitud fija 190325s2015 xxkab |||| | eng d
020 ## - NÚMERO INTERNACIONAL ESTÁNDAR DEL LIBRO
Número Internacional Estándar del Libro 978-0-500-29184-9
100 1# - ENTRADA PRINCIPAL--NOMBRE DE PERSONA
Nombre de persona Mallory, J. P.
9 (RLIN) 166667
245 14 - MENCIÓN DEL TÍTULO
Título The origins of the Irish /
Mención de responsabilidad, etc. J.P. Mallory ; with 122 illustrations.
250 ## - MENCION DE EDICION
Mención de edición 1st paperback ed.
260 ## - PUBLICACIÓN, DISTRIBUCIÓN, ETC.
Lugar de publicación, distribución, etc. London :
Nombre del editor, distribuidor, etc. Thames & Hudson,
Fecha de publicación, distribución, etc. 2015.
300 ## - DESCRIPCIÓN FÍSICA
Extensión 320 p. :
Otras características físicas il., mapas ;
Dimensiones 24 cm.
500 ## - NOTA GENERAL
Nota general Índice.
504 ## - NOTA DE BIBLIOGRAFÍA, ETC.
Nota de bibliografía, etc. Bibliografía: p. 306-316.
651 #4 - PUNTO DE ACCESO ADICIONAL DE MATERIA--NOMBRE GEOGRÁFICO
Nombre geográfico Irlanda-
Subdivisión general Historia.
9 (RLIN) 8854
852 ## - LOCALIZACIÓN
Ubicación ES-MaACL
Número de control de estantería A-14429
itemnumber 196177
Sublocalización o colección R.151800
Ubicación en estantería Depósito 1
Signatura antigua Olim: N-7429
Donativo/Legado Donación: Embajada de Irlanda
914 ## - NOMBRE ENTIDAD DE DONANTE
RLIN 234032
Nombre de congreso/reunión o jurisdicción como elemento de entrada Embajada de Irlanda en España
942 ## - ELEMENTOS DE ENTRADA SECUNDARIOS (KOHA)
Fuente del sistema de clasificación o colocación Clasificación decimal universal
Tipo de ítem Koha Libro impreso
Holdings
Estatus retirado Estado de pérdida Fuente del sistema de clasificación o colocación Estado de daño No para préstamo Biblioteca de origen Biblioteca actual Ubicación en estantería Fecha de adquisición Fuente de adquisición Total de préstamos Signatura topográfica completa Código de barras Visto por última vez Precio de reemplazo Tipo de ítem Koha
    Clasificación decimal universal     Biblioteca del Ateneo de Madrid Biblioteca del Ateneo de Madrid Depósito 1 25/03/2019 Donación   A-14429 1200210 23/02/2023 23/02/2023 Libro impreso